FIFA World Cup Winning Captains - Statistics

General Stats
  • This quiz has been taken 47 times
  • The average score is 11 of 22
Answer Stats
Winner - Year Answer % Correct
Argentina - 2022 Lionel Messi
100%
France - 2018 Hugo Lloris
84%
Germany - 2014 Philipp Lahm
84%
Spain - 2010 Iker Casillas
82%
Argentina - 1986 Diego Maradona
80%
West Germany - 1974 Franz Beckenbauer
70%
Brazil - 2002 Cafu
68%
Italy - 2006 Fabio Cannavaro
68%
West Germany - 1990 Lothar Matthaus
66%
England - 1966 Bobby Moore
59%
France - 1998 Didier Deschamps
59%
Italy - 1982 Dino Zoff
50%
Brazil - 1970 Carlos Alberto
39%
Argentina - 1978 Daniel Passarella
39%
Italy - 1938 Giuseppe Meazza
36%
West Germany - 1954 Fritz Walter
27%
Brazil - 1962 Mauro Ramos
25%
Brazil - 1994 Franco Baresi
14%
Uruguay - 1930 Jose Nasazzi
11%
Uruguay - 1950 Obdulio Varela
11%
Italy - 1934 Gianpiero Combi
9%
Brazil - 1958 Hilderaldo Bellini
9%
No matching quizzes found
Score Distribution
Percent of People with Each Score
Percentile by Number Answered
Your Score History
You have not taken this quiz